000 00370nam a2200145Ia 4500
008 211109s9999||||xx |||||||||||||| ||und||
082 _a580
_bWAR-O
100 _aWarming, Eug
245 0 _aOecology of Plants
260 _bOXFORD & IBH PUBLISHING CO.
_aNew Delhi
_c2000
300 _a422p.
630 _xGeneral Stack
650 _aPLANTS
_vBOTANY
_xBotany
942 _cBOOK
999 _c3829
_d3829